书目信息 |
| 题名: |
儿童文学
|
|
| 作者: | 王杰 , 杨红霞 , 周杏坤 主编 | |
| 分册: | ||
| 出版信息: | 北京 北京师范大学出版社 2011 |
|
| 页数: | 293页 | |
| 开本: | 26cm | |
| 丛书名: | ||
| 单 册: | ||
| 中图分类: | I058 | |
| 科图分类: | ||
| 主题词: | 儿童文学理论--教材 , 儿童文学理论 | |
| 电子资源: | ||
| ISBN: | 978-7-303-13385-7 | |
| 000 | 01026nam0 2200277 45 | |
| 001 | 1356801343 | |
| 005 | 20130515095439.78 | |
| 010 | @a978-7-303-13385-7@dCNY28.80 | |
| 100 | @a20130108d2011 em y0chiy50 ea | |
| 101 | 0 | @achi |
| 102 | @aCN@b110000 | |
| 105 | @aa z 000yy | |
| 106 | @ar | |
| 200 | 1 | @a儿童文学@AEr Tong Wen Xue@f王杰,杨红霞,周杏坤主编@FWang Jie, Yang Hong Xia, Zhou Xing Kun Zhu Bian |
| 210 | @a北京@c北京师范大学出版社@d2011 | |
| 215 | @a293页@c图@d26cm | |
| 300 | @a全国学前教育专业“十二五”系列规划教材 | |
| 330 | @a本书共十一个项目,内容包括:儿童文学的基本理论、中外儿童文学的发展、儿歌、儿童诗、童话、寓言、儿童故事和儿童小说、儿童散文和儿童报告文学、儿童科学文艺、儿童戏剧文学与儿童影视学等。 | |
| 606 | 0 | @a儿童文学理论@j教材 |
| 606 | 0 | @a儿童文学理论 |
| 690 | @aI058@v5 | |
| 701 | 0 | @a王杰@AWang Jie@4主编 |
| 701 | 0 | @a杨红霞@AYang Hong Xia@g(女)@4主编 |
| 701 | 0 | @a周杏坤@AZhou Xing Kun@g(女)@4主编 |
| 801 | @aCN@bTANGWEI@c20130108 | |
| 905 | @b0829596-600@dI058@e187@f5 | |
| 儿童文学/王杰,杨红霞,周杏坤主编.-北京:北京师范大学出版社,2011 |
| 293页:图;26cm |
| 全国学前教育专业“十二五”系列规划教材 |
| ISBN 978-7-303-13385-7:CNY28.80 |
| 本书共十一个项目,内容包括:儿童文学的基本理论、中外儿童文学的发展、儿歌、儿童诗、童话、寓言、儿童故事和儿童小说、儿童散文和儿童报告文学、儿童科学文艺、儿童戏剧文学与儿童影视学等。 |
| ● |
| 相关链接 |
|
|
|
|
正题名:儿童文学
索取号:I058/187
 
预约/预借
| 序号 | 登录号 | 条形码 | 馆藏地/架位号 | 状态 | 备注 |
| 1 | 0829596 | 208295968 | 第一样本阅览室/ [索取号:I058/187] | 在馆 | |
| 2 | 0829597 | 208295977 | 第二借阅区/ [索取号:I058/187] | 在馆 | |
| 3 | 0829598 | 208295986 | 第二借阅区/ [索取号:I058/187] | 在馆 | |
| 4 | 0829599 | 208295995 | 第二借阅区/ [索取号:I058/187] | 在馆 | |
| 5 | 0829600 | 208296002 | 第二借阅区/ [索取号:I058/187] | 在馆 |